00420nam a2200157Ia 45000010006000000050017000060080041000230410008000640820017000721000030000892450084001192600009002033000034002126500008002466540008002541875120260306171654.0260306s9999||||xx |||||||||||||| ||und|| aESP a658.5bCH546 aChesbrough, Henry W.eAUT 0aOpen Innovation:bthe new imperative for creating and profiting from technology c2003 axxxi, 227 páginas :c24 cm. aGEN aCAN